Tilastot visalle Suomalaiset jääkiekon nuorten maailmanmestarit

Klikkaa tästä pelataksesi tätä visaa!

Yleistilastot

  • Tätä visaa on pelattu 53 kertaa
  • Keskiarvotulos 30 / 111

Vastaustilastot

PelipaikkaNimi% Oikein
HPatrik Laine
97%
HJesse Puljujärvi
95%
HSebastian Aho
95%
HKasperi Kapanen
87%
HMikko Rantanen
84%
HNiko Kapanen
82%
MVKaapo Kähkönen
71%
HKaapo Kakko
71%
PRasmus Ristolainen
71%
MVVeini Vehviläinen
71%
HOlli Jokinen
68%
HRoope Hintz
68%
HTeuvo Teräväinen
68%
POlli Juolevi
63%
PSami Niku
63%
MVJuuse Saros
61%
HAnton Lundell
55%
MVUkko-Pekka Luukkonen
55%
HAntti Kalapudas
53%
HAleksi Saarela
50%
PEsa Lindell
42%
HJanne Ojanen
42%
PJoni Tuulola
42%
HJulius Nättinen
42%
HNiklas Hagman
42%
HRasmus Kupari
42%
HTopi Nättinen
42%
HEeli Tolvanen
39%
MVVille Husso
39%
HArtturi Lehkonen
37%
PHenri Jokiharju
37%
PMikko Lehtonen
37%
HSaku Mäenalanen
37%
PNiko Mikkola
34%
PUrho Vaakanainen
34%
PVili Saarijärvi
34%
MVEmil Larmi
32%
PIlkka Mikkola
32%
HJesse Ylönen
32%
PEetu Sopanen
26%
HHenri Ikonen
26%
HJoni Nikko
26%
HJuuso Ikonen
26%
HMiska Siikonen
26%
MVNiklas Bäckström
26%
PToni Utunen
26%
HAarne Talvitie
24%
HAleksi Heponiemi
24%
PAnttoni Honka
24%
HEero Somervuori
24%
HJuho Lammikko
24%
PJulius Honka
24%
HSebastian Repo
24%
PVille Heinola
24%
MVJanne Juvonen
21%
HKasper Björkqvist
21%
MVLassi Lehtinen
21%
MVMika Noronen
21%
PVille Pokka
21%
MVFilip Lindberg
18%
MVMarkus Ketterer
18%
POtto Latvala
18%
HSaku Kinnunen
16%
HSami Moilanen
16%
HSanteri Virtanen
16%
HKari Kalto
13%
HLinus Nyman
13%
PMikko Vainonen
13%
PMiro Keskitalo
13%
HRasmus Kulmala
13%
HHenrik Haapala
11%
HJukka Seppo
11%
HMikko Laaksonen
11%
POskari Laaksonen
11%
HValtteri Puustinen
11%
HVille Leskinen
11%
PAri Vallin
8%
PJuuso Vainio
8%
HOlli Ahonen
8%
HTeemu Elomo
8%
HTeemu Engberg
8%
HTeppo Kivelä
8%
HJari Laukkanen
5%
PMarko Allen
5%
HOtto Rauhala
5%
PPasi Petriläinen
5%
PPasi Puistola
5%
HJyrki Louhi
3%
PMarko Kauppinen
3%
HSami Wahlsten
3%
HSamuli Vainionpää
3%
PTimo Ahmaoja
3%
HTomek Valtonen
3%
HToni Dahlman
3%
HAleksi Mustonen
0%
PAntti Tuomenoksa
0%
PJari Parviainen
0%
HJohannes Alanen
0%
PJukka Marttila
0%
HJyrki Silius
0%
MVKari Rosenberg
0%
HMarko Kiuru
0%
PMikko Haapakoski
0%
HPekka Tirkkonen
0%
HPentti Lehtosaari
0%
PPetri Matikainen
0%
HSami Wikström
0%
PTimo Kulonen
0%
PTimo Seikkula
0%
HTimo Vertala
0%
PTomi Källarsson
0%

Tulosjakauma

Persentiili vastausten määrän mukaan

Jokaisen tuloksen saaneiden osuus

Tuloshistoriasi

Et ole pelannut tätä visaa